| 000 | 00537nam a2200169 4500 | ||
|---|---|---|---|
| 001 | 18448 | ||
| 005 | 20230410105441.0 | ||
| 008 | 060907n1975 dr spa | ||
| 035 | _9funglode18596 | ||
| 041 | _aEN | ||
| 050 | 1 | 4 | _aHC 125 O77d 1975 |
| 100 | _aOrtiz Mena, Antonio | ||
| 245 | 1 |
_aDevelopment in Latin America, a view from the IDB : _baddresses and documents, 1971-75 / _cAntonio Ortiz Mena |
|
| 260 |
_a[Washington, D.C. : _bInter-American Development Bank, introd, _c1975 |
||
| 300 | _ax, 515 p. | ||
| 942 |
_2lcc _cbk |
||
| 999 |
_c36950 _d36950 |
||